Statistics for Diaspora-Georgia

Click here to take the quiz!

General Stats

  • This quiz has been taken 135 times
  • The average score is 8 of 10

Answer Stats

Number of immigrantsContinentCountry% Correct
157.803Asia/ EuropeRussia
98%
100.000-1.500.000Asia/ EuropeTurkey
96%
10.000-15.000EuropeUnited Kingdom
94%
10.000EuropeFrance
90%
15.200EuropeItaly
84%
14.482EuropeSpain
79%
34.199EuropeUkraine
78%
27.400EuropeGreece
77%
100.000AsiaIran
60%
5.000-6.000EuropeCyprus
28%

Score Distribution

Percentile by Number Answered

Percent of People with Each Score

Your Score History

You have not taken this quiz